000 00542nam a2200217Ia 4500
003 OSt
005 20220928141610.0
006 a|||||r|||| 00| 0
007 ta
008 220927b |||||||| |||| 00| 0 eng d
024 _a16256
037 _cTextual
040 _aSDCL
_cSDCL
_beng
041 _2eng
_aeng
082 _aD651, L9
100 _aMiller Gary M
_9499404
245 0 _aLinear circuits for electronics technology.
260 _c1979
942 _hD651, L9
_cTEXL
_2CC
999 _c818610
_d818610